1984

En el año 1984, Londres es una ciudad lúgubre en la que la Policía del Pensamiento controla de forma asfixiante la vida de los ciudadanos. Winston Smith es un peón de este engranaje perverso y su cometido es reescribir la historia para adaptarla a lo que el Partido considera la versión oficial de lo...

Full description

Bibliographic Details
Main Author: Orwell, George, 1903-1950
Other Authors: Nesti, Fido, 1971- (adaptador, ilustrador), Temprano García, Miguel (traductor)
Format: Libro
Language:Spanish
Published: Barcelona : Debolsillo, 2020.
Edition:Primera edición: octubre de 2020.
Subjects:
Online Access:

MARC

LEADER 00000nam a22000007a 4500
003 UAHC
005 20241002160524.0
008 241001s2020 sp |||| |||| 00| f spa d
020 |a 9788466352062 
035 |a CENTRAL 
040 |a UAHC  |c UAHC 
082 |a 741.5942  |b OR79 
100 |a Orwell, George,  |d 1903-1950  |9 20496 
245 1 0 |a 1984  |c George Orwell ; adaptado e ilustrado por Fido Nesti ; traducido por Miguel Temprano García. 
250 |a Primera edición: octubre de 2020.  |b Quinta reimpresión: julio de 2022. 
260 |a Barcelona :  |b Debolsillo,  |c 2020. 
300 |a 320 páginas :  |b ilustraciones a color. 
520 |a En el año 1984, Londres es una ciudad lúgubre en la que la Policía del Pensamiento controla de forma asfixiante la vida de los ciudadanos. Winston Smith es un peón de este engranaje perverso y su cometido es reescribir la historia para adaptarla a lo que el Partido considera la versión oficial de los hechos. Hasta que decide replantearse la verdad del sistema que los gobierna y somete. El artista gráfico Fido Nesti reelabora en estas páginas la obra maestra del autor y novela cumbre del subgénero distópico, dotando de rostros, cuerpos y paisajes un mundo que cada día que pasa resulta menos difícil de imaginar. 
650 0 |a Novelas gráficas  |z Inglaterra  |9 20499 
650 0 |a Cómics, historietas, etc.  |9 17368 
700 |a Nesti, Fido,  |d 1971-  |9 20497  |e adaptador, ilustrador 
700 |a Temprano García, Miguel  |9 20498  |e traductor 
900 |a 741.5942 ORW 
942 |2 ddc  |c BK 
952 |0 0  |1 0  |2 ddc  |4 0  |6 741_594200000000000_ORW  |7 0  |8 COMP  |9 100089  |a BC  |b BC  |c General  |d 2024-10-01  |e Compra  |g 18765.00  |l 9  |m 9  |o 741.5942 ORW  |p 1472243  |r 2026-03-20 10:13:53  |s 2026-03-12  |t 1  |w 2024-10-01  |x OC: 2299 / Factura Buscalibre Nº224299  |y BK  |z Colección novelas gráficas, cómics y animes 
999 |c 62142  |d 62142